000 01836cam a22004817a 4500
003 CHAP
005 20220922125515.0
008 040430s2003 mx ad r 00010 spa d
010 _a88265
011 _a89237
035 _a99788
040 _cCHAP
090 _aTesis
100 0 0 _aZavaleta Cruz, Cristian César.
_9123821
245 1 0 _aControl de calidad de Anagyrus pseudococci (Girault) (Hymenóptera: Encyrtidae) en el control del piojo harinoso de la vid Planococcus ficus (Signoret) (Homóptera: Pseudococcidae) en Chapingo, México
_c/por Cristian César Zavaleta Cruz
260 _aChapingo, Méx. :
_bEl autor,
_c2003
300 _a82 h. :
_bilus. ; gráfs. ; cuadros
502 _aTesis (Ing. Agr. Esp. en Parasitología Agrícola) -- UACH. Departamento de Parasitología Agrícola
530 _aTambién disponible en línea
590 _aALEPH
_b10
_c20130110
590 _aBATCH-UPD
_b10
_c20130110
590 _aBATCH-UPD
_b10
_c20130110
590 _aBATCH-UPD
_b10
_c20130409
590 _aBATCH-UPD
_b10
_c20130410
590 _aBATCH-UPD
_b10
_c20130914
590 _aBATCH-UPD
_b10
_c20140324
590 _aBATCH-UPD
_b10
_c20141002
590 _aCONVERSION
_b10
_c20130109
650 1 4 _aControl biológico de insectos.
_927582
650 1 4 _aControl biológico de plagas.
_927587
650 1 4 _aParasitismo.
_985465
650 1 4 _aParasitoides.
_985467
650 1 4 _aPlanococcus.
_988752
650 1 4 _aPseudococcidae.
_992558
650 1 4 _aVid
_xPlagas.
_9119131
650 1 4 _aVid
_zMéxico (Edo.).
_9119145
856 _uhttp://10.13.5.2/tesis/99788.pdf
_yTexto completo
901 _aBK
905 _aMarco A. Mnedoza T.
942 _cFOLL
_2ddc
949 _aTesis
_bBC
_cTES
_d33724000909602
_eTS2
_fc.2
_gDonaciØn
_h41736
_i99788
_si
949 _aTesis
_bBC
_cTES
_d997881
_eTS1
_gDonaciØn
_h41735
_i99788
_sb
999 _c88265
_d88265